LEADER 01282nam0-22004211i-450- 001 990001496120403321 005 20071002132900.0 010 $a0-691-09527-2$brilegato 010 $a0-691-09610-4$bin brossura 035 $a000149612 035 $aFED01000149612 035 $a(Aleph)000149612FED01 035 $a000149612 100 $a20020909d2002----km-y0itay50------ba 101 0 $aeng 102 $aUS 105 $aac--a---101yy 200 1 $a<>essential John Nash$fedited by H. W. Kuhn, S. Nasar 210 $aPrinceton, N. J.$cPrinceton University Press$dc2002 215 $aXXV, 244 p.$cill.$d24 cm 300 $aContiene, alle p. 53-84, facsimile di Non-cooperative games, tesi presentata da Nash per il dottorato nel maggio 1950 320 $aContiene riferimenti bibliografici 610 0 $aStoria della matematica$aBiografie 676 $a509.2 700 1$aNash,$bJohn Forbes$0303927 702 1$aKuhn,$bHarold W. 702 1$aNasar,$bSylvia 801 0$aIT$bUNINA$gRICA$2UNIMARC 901 $aBK 912 $a990001496120403321 952 $a123-E-21$b19288$fMA1 952 $aB/3.4 NAS$b613/DE$fSES 959 $aMA1 959 $aSES 962 $a01A70 962 $a91-03 996 $aEssential John Nash$933109 997 $aUNINA LEADER 01016cam0-2200325---450- 001 990008529270403321 005 20100917132226.0 010 $a3-7720-8189-4 035 $a000852927 035 $aFED01000852927 035 $a(Aleph)000852927FED01 035 $a000852927 100 $a20070618d2006----km-y0itay50------ba 101 0 $ager 102 $aDE 105 $ay-------00cyy 200 1 $aLexikon deutschsprachiger Epik und Dramatik von Autorinnen (1730-1900)$fhrsg. von Gudrun Loster-Schneider und Gaby Pailer 210 $aTübingen$cFrancke$dc2006 215 $aXII, 491 p.$d25 cm$e1 CD-Rom 610 0 $aScrittrici tedesche$aSec.18.-19.$aDizionari 676 $a830.3 702 1$aLoster-Schneider,$bGudrun 702 1$aPailer,$bGaby 801 0$aIT$bUNINA$c20070618$gRICA$2UNIMARC 901 $aBK 912 $a990008529270403321 952 $a830.3 GUD 1$fFLFBC 959 $aFLFBC 996 $aLexikon deutschsprachiger Epik und Dramatik von Autorinnen (1730-1900$9733503 997 $aUNINA